000 00613nam a2200229Ia 4500
003 OSt
005 20220924122539.0
006 a|||||r|||| 00| 0
007 ta
008 220923b |||||||| |||| 00| 0 urd d
024 _a313771
037 _cTextual
040 _aARTS
_cARTS
_burd
041 _2urd
_aurd
082 _aO168,1MIJ,1, L5
100 _aIjad Bahadur Ali
_9189865
245 0 _aMadak Namah Urdu
260 _aLuckhnow
_bMatbe Husaini India
_c1975
650 _aURDU POETRY
942 _hO168,1MIJ,1, L5
_cTEXL
_2CC
999 _c412072
_d412072